Statistics for Countries Bordering India

Click here to take the quiz!

General Stats

  • This quiz has been taken 5,208 times
    (899 since last reset)
  • The average score is 8 of 8

Answer Stats

Length (km) Country % Correct
1,690Nepal
99%
3,380China
99%
2,912Pakistan
99%
4,053Bangladesh
96%
605Bhutan
95%
1,463Myanmar
94%
106Afghanistan
85%
<1Sri Lanka
85%

Score Distribution

Percentile by Number Answered

Percent of People with Each Score

Your Score History

You have not taken this quiz since the last reset